Responsabilidad penal por defectos en productos destinados a los consumidores
Saved in:
| Hovedforfatter: | |
|---|---|
| Andre forfattere: | , |
| Format: | Bog |
| Sprog: | spansk |
| Udgivet: |
Madrid, España
Iustel
2005
|
| Serier: | Monografías
|
| Fag: | |
| Tags: |
Tilføj Tag
Ingen Tags, Vær først til at tagge denne postø!
|
MARC
| LEADER | 00000cam a2200000 a 4500 | ||
|---|---|---|---|
| 001 | UCD3248 | ||
| 003 | CL-VaPUC | ||
| 005 | 20210612001405.0 | ||
| 008 | 160603e20050000sp |||||||||||||||||spa|d | ||
| 999 | |c 364284 |d 364282 | ||
| 020 | |a 8496440370 | ||
| 040 | |c Pontificia Universidad Católica de Valparaíso | ||
| 082 | 0 | 4 | |a 345.04 BOI 2005 |2 21 |
| 100 | 0 | |a Boix Reig, Javier |9 586624 | |
| 245 | 1 | 0 | |a Responsabilidad penal por defectos en productos destinados a los consumidores |
| 260 | 0 | 3 | |a Madrid, España |b Iustel |c 2005 |
| 300 | |a 595 páginas | ||
| 490 | 0 | |a Monografías | |
| 583 | |a last modification |c 20160603 11:42:00 |k Rodrigo Vera | ||
| 650 | 7 | |a DERECHO PENAL |2 CL-VaPUC |9 11 | |
| 650 | 0 | |a Responsabilidad penal |9 254899 | |
| 650 | 7 | |a PRODUCTOS |2 CL-VaPUC |9 338640 | |
| 650 | 0 | |a Jurisprudencia |9 255952 | |
| 650 | 7 | |a PELIGRO |2 CL-VaPUC |9 586627 | |
| 650 | 7 | |a DAÑO Y PERJUICIOS |2 CL-VaPUC |9 432039 | |
| 700 | 0 | |a Bernardi, Alessandro |9 586625 | |
| 700 | 0 | |a Campos Cristóbal, Raquel |9 586626 | |
| 942 | |c BK |2 ddc | ||
| 945 | |d 20160603 11:42:00 |a cmena | ||
| 952 | |0 0 |1 0 |2 ddc |3 erb |4 0 |6 345_040000000000000_BOI_2005 |7 0 |8 A |9 477284 |a BIBDER |b BIBDER |i 5290554 |o 345.04 BOI 2005 |p 5290554 |r 2019-11-24 |t 1 |w 2019-11-24 |y BK |z Catalogado en:20160603 |k DER | ||